| 000 | 01024nac a22002411u 4500 | ||
|---|---|---|---|
| 010 | _a 94021434 | ||
| 020 | _a0070173397 : | ||
| 082 | 0 | 0 |
_a620.00724 _bD649 |
| 090 |
_c4030 _d4030 |
||
| 100 | _aDoebelin, Ernest O. | ||
| 245 | 1 | 0 |
_aEngineering experimentation : _bplanning, execution, reporting / _cErnest O. Doebelin. |
| 260 |
_aNew York : _bMcGraw-Hill,1995 _c1995. |
||
| 300 |
_axv, 528 p. : _bill. ; _c23 cm. |
||
| 440 | 0 | _aMcGraw-Hill series in mechanical engineering | |
| 504 | _aIncludes bibliographical references and index. | ||
| 650 | 0 |
_aEngineering _xExperiments. |
|
| 650 | 0 | _aExperimental design. | |
| 650 | 0 |
_aEngineering _xStatistical methods. |
|
| 856 | 4 | 2 |
_3Publisher description _uhttp://www.loc.gov/catdir/description/mh022/94021434.html |
| 856 | 4 | 2 |
_3Table of contents _uhttp://www.loc.gov/catdir/toc/mh022/94021434.html |
| 942 |
_cBB _k620.00724D649 |
||
| 999 |
_c4030 _d4030 |
||